市町村クイズ - 東海地方 ver. - Statistics

General Stats
  • This quiz has been taken 232 times
  • The average score is 83 of 131
Answer Stats
都道府県 Answer % Correct
愛知県 名古屋市
93%
岐阜県 岐阜市
91%
静岡県 静岡市
89%
浜松市
87%
豊橋市
84%
大垣市
83%
高山市
83%
関市
83%
豊田市
82%
羽島市
81%
可児市
81%
岡崎市
81%
熱海市
80%
富士市
80%
伊豆市
80%
一宮市
80%
春日井市
80%
安城市
80%
中津川市
79%
美濃市
79%
多治見市
78%
知多市
78%
各務原市
77%
沼津市
77%
三島市
77%
掛川市
77%
養老郡 養老町
76%
犬山市
76%
飛騨市
75%
焼津市
75%
豊川市
75%
蒲郡市
75%
関ケ原町
74%
北名古屋市
74%
本巣市
73%
下呂市
73%
下田市
73%
知立市
73%
美濃加茂市
72%
磐田市
72%
御殿場市
72%
伊豆の国市
72%
常滑市
72%
富士宮市
71%
伊東市
71%
湖西市
71%
小牧市
71%
刈谷市
70%
新城市
70%
あま市
70%
南知多町
69%
恵那市
68%
白川町
68%
大野郡 白川村
68%
東海市
68%
田原市
68%
弥富市
68%
島田市
67%
郡上市
66%
揖斐郡 揖斐川町
66%
藤枝市
66%
西尾市
66%
土岐市
65%
瀬戸市
65%
半田市
65%
長久手市
65%
北設楽郡 設楽町
65%
菊川市
64%
稲沢市
64%
大府市
64%
瑞浪市
63%
安八町
63%
西伊豆町
62%
海津市
61%
牧之原市
61%
賀茂郡 東伊豆町
61%
豊明市
61%
飛島村
61%
武豊町
61%
袋井市
60%
駿東郡 清水町
60%
碧南市
60%
御前崎市
59%
南伊豆町
59%
清須市
59%
額田郡 幸田町
59%
東白川村
58%
裾野市
58%
津島市
58%
尾張旭市
58%
愛西市
58%
みよし市
58%
豊根村
58%
瑞穂市
57%
田方郡 函南町
57%
岩倉市
57%
日進市
56%
川根本町
53%
蟹江町
53%
山県市
52%
江南市
52%
知多郡 阿久比町
52%
美浜町
52%
扶桑町
51%
不破郡 垂井町
50%
東栄村
50%
羽島郡 岐南町
49%
長泉町
48%
高浜市
48%
可児郡 御嵩町
47%
西春日井郡 豊山町
47%
笠松町
46%
河津町
46%
東浦町
46%
榛原郡 吉田町
45%
丹羽郡 大口町
45%
松崎町
44%
周智郡 森町
43%
小山町
41%
愛知郡 東郷町
41%
八百津町
40%
加茂郡 坂祝町
39%
海部郡 大治町
38%
七宗町
37%
本巣郡 北方町
36%
輪之内町
34%
大野町
34%
安八郡 神戸町
30%
池田町
30%
富加町
30%
川辺町
22%
No matching quizzes found
Score Distribution
Percent of People with Each Score
Percentile by Number Answered
Your Score History
You have not taken this quiz